[Event "Waikato under 1800"]
[Site "Hamilton"]
[Date "2012.08.03"]
[Round "1.1"]
[White "Brockway, Andrew"]
[Black "Kennedy, Ian"]
[Result "0-1"]
[WhiteElo "1798"]
[BlackElo "1481"]
[PlyCount "71"]
[EventDate "2012.08.03"]
[EventType "swiss"]
[EventRounds "6"]
[SourceDate "2012.08.05"]

1. e4 g6 2. d4 Bg7 3. Nf3 d6 4. Nc3 Nf6 5. h3 a6 6. Bd3 O-O 7. Bg5 Nbd7 8. Qd2
e5 9. dxe5 dxe5 10. O-O-O b5 11. h4 h5 12. Nd5 Re8 13. Nb4 Bb7 14. Qc3 c5 15.
Nd5 Bxd5 16. Bxf6 Bxf6 17. Qd2 Be6 18. Nh2 Bxh4 19. Nf3 Bf6 20. Rdg1 Bg4 21.
Kb1 c4 22. Be2 Nc5 23. Qe3 Ne6 24. Qc3 Nf4 25. Bd1 Qc7 26. g3 Ne6 27. Qe3 Qc5
28. Qe1 Rad8 29. Be2 Rd6 30. Nh2 Bxe2 31. Qxe2 Red8 32. Nf3 c3 33. bxc3 Qxc3
34. g4 Rd2 35. Nxd2 Rxd2 36. Qxd2 0-1

[Event "Waikato under 1800"]
[Site "Hamilton"]
[Date "2012.08.03"]
[Round "1.2"]
[White "Credo, James"]
[Black "Smith, Vivian J"]
[Result "1/2-1/2"]
[WhiteElo "1401"]
[BlackElo "1797"]
[PlyCount "75"]
[EventDate "2012.08.03"]
[EventType "swiss"]
[EventRounds "6"]
[SourceDate "2012.08.05"]

1. e4 d6 2. Nf3 Nf6 3. Nc3 g6 4. Bc4 Bg7 5. d3 O-O 6. Be3 Nbd7 7. Qd2 c6 8. a4
Qc7 9. Ne2 e5 10. Bh6 d5 11. exd5 cxd5 12. Bb3 Nc5 13. Bxg7 Kxg7 14. Ng3 Nxb3
15. cxb3 Qd6 16. O-O Bg4 17. Nh4 h6 18. f4 Qb6+ 19. Kh1 e4 20. d4 Rac8 21. h3
Bd7 22. Ne2 Qxb3 23. Ra3 Qc2 24. Qe3 Qc6 25. g4 Nh7 26. Ng3 Qa6 27. Raa1 Rc2
28. f5 Qd6 29. Rf4 Qb6 30. Qg1 Qxb2 31. Ng2 Rc3 32. Qe1 Qb3 33. Kh2 Ng5 34. Nh4
Nf3+ 35. Nxf3 Rxf3 36. Rxf3 Qxf3 37. Rc1 Qa3 38. Ne2 1/2-1/2

[Event "Waikato under 1800"]
[Site "Hamilton"]
[Date "2012.08.03"]
[Round "1.3"]
[White "Budd, Michael"]
[Black "Sayers, Nicholas"]
[Result "1-0"]
[WhiteElo "1794"]
[BlackElo "1352"]
[PlyCount "41"]
[EventDate "2012.08.03"]
[EventType "swiss"]
[EventRounds "6"]
[SourceDate "2012.08.05"]

1. d4 Nf6 2. c4 d5 3. cxd5 Nxd5 4. e4 Nf6 5. Nc3 e6 6. a3 a6 7. Nf3 Be7 8. Bc4
c6 9. O-O b5 10. Bb3 O-O 11. Bc2 Bb7 12. e5 Nd5 13. Nxd5 cxd5 14. Qd3 g6 15.
Qe3 Qc7 16. Bd3 Nc6 17. Qh6 Rfe8 18. Ng5 Bxg5 19. Bxg5 Nxd4 20. Bf6 Nf5 21.
Bxf5 1-0

[Event "Waikato under 1800"]
[Site "Hamilton"]
[Date "2012.08.03"]
[Round "1.4"]
[White "Metham, Michael"]
[Black "Cooper, Nigel"]
[Result "0-1"]
[WhiteElo "1285"]
[BlackElo "1655"]
[PlyCount "54"]
[EventDate "2012.08.03"]
[EventType "swiss"]
[EventRounds "6"]
[SourceDate "2012.08.05"]

1. d4 d5 2. Nf3 Nf6 3. Bf4 e6 4. e3 Bd6 5. Bxd6 Qxd6 6. Bd3 Qb4+ 7. Nc3 Qxb2 8.
Na4 Qb4+ 9. c3 Qe7 10. O-O b6 11. Bc2 O-O 12. Nb2 b5 13. Nd3 Ne4 14. Nde5 f6
15. Nd3 Nxc3 16. Qd2 Ne4 17. Qc1 Nd7 18. Qb2 a6 19. a4 c6 20. axb5 cxb5 21. Ra2
Nb6 22. Nb4 Bb7 23. Qa1 Qxb4 24. Rb1 Qc3 25. Rbb2 Nc4 26. Rb1 Qxa1 27. Rbxa1
Nc3 0-1

[Event "Waikato under 1800"]
[Site "Hamilton"]
[Date "2012.08.03"]
[Round "1.5"]
[White "Hooton, Barry R"]
[Black "Tuatini, Murray"]
[Result "1-0"]
[WhiteElo "1608"]
[BlackElo "1249"]
[PlyCount "101"]
[EventDate "2012.08.03"]
[EventType "swiss"]
[EventRounds "6"]
[SourceDate "2012.08.05"]

1. d4 d5 2. c4 Nf6 3. Nc3 e6 4. Bg5 Be7 5. Nf3 Nbd7 6. e3 c5 7. cxd5 Nxd5 8.
Bxe7 Qxe7 9. Bd3 cxd4 10. Nxd5 exd5 11. Nxd4 Qb4+ 12. Qd2 Qxd2+ 13. Kxd2 O-O
14. Rac1 Nf6 15. h3 Re8 16. Rc7 a6 17. Rhc1 b5 18. Ke1 Be6 19. Kf1 Bd7 20. Bf5
Bxf5 21. Nxf5 Ne4 22. Ne7+ Kf8 23. Nxd5 Nd2+ 24. Ke2 Nc4 25. b3 Nd6 26. Nb6
Rad8 27. Nd7+ Kg8 28. Ra7 Ra8 29. Rcc7 a5 30. Nb6 Rxa7 31. Rxa7 a4 32. bxa4
bxa4 33. Rxa4 Ne4 34. Rc4 Nd6 35. Rc6 Ne4 36. a4 g6 37. a5 Rd8 38. Rc2 Rb8 39.
f3 Nd6 40. Rc6 Rd8 41. a6 Nb5 42. Rc5 Na7 43. Rc7 Nb5 44. Rc2 Re8 45. Kf2 Na7
46. Nd5 Kg7 47. Rc7 Nb5 48. Rb7 Nd6 49. Rd7 Nb5 50. Nb6 Rb8 51. Rb7 1-0

[Event "Waikato under 1800"]
[Site "Hamilton"]
[Date "2012.08.03"]
[Round "1.7"]
[White "Judkins, Gary L"]
[Black "Lim, Arvin"]
[Result "0-1"]
[WhiteElo "1576"]
[BlackElo "1223"]
[PlyCount "88"]
[EventDate "2012.08.03"]
[EventType "swiss"]
[EventRounds "6"]
[SourceDate "2012.08.05"]

1. e4 e6 2. d4 d5 3. e5 c5 4. Nf3 Nc6 5. Be2 cxd4 6. Nxd4 Nxe5 7. O-O Bc5 8.
Be3 Qb6 9. b3 Ng6 10. Bb5+ Kf8 11. Nc3 Nf6 12. Na4 Qc7 13. Nxc5 e5 14. b4 exd4
15. Bxd4 Ng4 16. g3 h5 17. Re1 Bf5 18. h3 N4e5 19. Qe2 Nc6 20. a3 a6 21. Bxc6
Qxc6 22. Nd3 Bxh3 23. Ne5 Qe6 24. Qd2 h4 25. Nf3 Qg4 26. Nh2 Qh5 27. Qe2 hxg3
28. Qxh5 gxh2+ 29. Kh1 Rxh5 30. Re3 Bf5 31. f3 Rh3 32. Rf1 Bxc2 33. Rc3 Ba4 34.
Re1 Re8 35. Bc5+ Kg8 36. Rce3 Rxe3 37. Rxe3 Nh4 38. f4 Rxe3 39. Bxe3 Nf3 40.
Kg2 d4 41. Bc1 d3 42. f5 d2 43. Bxd2 Nxd2 44. Kxh2 Bd7 0-1

[Event "Waikato under 1800"]
[Site "Hamilton"]
[Date "2012.08.03"]
[Round "1.8"]
[White "Symon, Benjamin"]
[Black "Gong, Daniel"]
[Result "0-1"]
[WhiteElo "1100"]
[BlackElo "1570"]
[PlyCount "59"]
[EventDate "2012.08.03"]
[EventType "swiss"]
[EventRounds "6"]
[SourceDate "2012.08.05"]

1. d4 d5 2. c4 e6 3. e3 Nf6 4. Nd2 Be7 5. b3 O-O 6. Bb2 c5 7. Ngf3 Nc6 8. Bd3
Nb4 9. Qb1 Nxd3+ 10. Qxd3 b6 11. O-O Bb7 12. Rae1 Qc7 13. Ng5 h6 14. Ngf3 Rad8
15. cxd5 Nxd5 16. a3 Bf6 17. e4 Nf4 18. Qe3 cxd4 19. Bxd4 Bxd4 20. Nxd4 Qb8 21.
Rc1 Rxd4 22. g3 Rfd8 23. Rcd1 Ng6 24. Qe2 Ne5 25. Rfe1 Rxd2 26. Rxd2 Rxd2 27.
Qxd2 Nf3+ 28. Kg2 Nxd2 29. h4 Bxe4+ 30. Kg1 0-1

[Event "Waikato under 1800"]
[Site "Hamilton"]
[Date "2012.08.03"]
[Round "1.9"]
[White "Qin, Joy Shu Yan"]
[Black "Wang, Aaron"]
[Result "1-0"]
[WhiteElo "1485"]
[BlackElo "853"]
[PlyCount "61"]
[EventDate "2012.08.03"]
[EventType "swiss"]
[EventRounds "6"]
[SourceDate "2012.08.05"]

1. e4 c5 2. c3 Nc6 3. d4 cxd4 4. cxd4 d6 5. Nf3 g6 6. h3 Bg7 7. Be3 Nf6 8. Nc3
O-O 9. Qd2 Bd7 10. a3 Qc7 11. Bd3 Rad8 12. Bh6 Rfe8 13. Bxg7 Kxg7 14. O-O e5
15. d5 Ne7 16. Ne2 Nc8 17. Nh4 Nb6 18. f4 Na4 19. fxe5 dxe5 20. Qg5 Nh5 21.
Nf5+ Bxf5 22. exf5 Qb6+ 23. Kh2 Qxb2 24. f6+ Kg8 25. Rab1 Qxa3 26. Bb5 Rf8 27.
g4 Rxd5 28. gxh5 Qa2 29. Qh6 Qxe2+ 30. Bxe2 Nc3 31. Qg7# 1-0

[Event "Waikato under 1800"]
[Site "Hamilton"]
[Date "2012.08.04"]
[Round "2.1"]
[White "Gong, Daniel"]
[Black "Budd, Michael"]
[Result "1/2-1/2"]
[WhiteElo "1570"]
[BlackElo "1794"]
[PlyCount "74"]
[EventDate "2012.08.03"]
[EventType "swiss"]
[EventRounds "6"]
[SourceDate "2012.08.05"]

1. e4 c6 2. d4 d5 3. e5 Bf5 4. c3 e6 5. Bd3 Bxd3 6. Qxd3 Nd7 7. Nf3 h6 8. h3
Ne7 9. Nbd2 Ng6 10. Nb3 Qc7 11. Be3 a6 12. O-O b6 13. Qc2 c5 14. Rac1 c4 15.
Nbd2 Be7 16. Nh2 b5 17. a3 Nh4 18. f4 Nf5 19. Bf2 g5 20. fxg5 hxg5 21. Ng4 Nh6
22. Qd1 O-O-O 23. a4 Nxg4 24. Qxg4 Nf8 25. axb5 axb5 26. Ra1 Kb7 27. Ra2 Ng6
28. Rfa1 Ra8 29. Rxa8 Rxa8 30. Rxa8 Kxa8 31. Nf3 Qa5 32. Nxg5 Qa1+ 33. Kh2 Qxb2
34. Nxf7 Qxf2 35. Qxg6 Qf4+ 36. Kh1 Qf1+ 37. Kh2 Qf4+ 1/2-1/2

[Event "Waikato under 1800"]
[Site "Hamilton"]
[Date "2012.08.04"]
[Round "2.2"]
[White "Cooper, Nigel"]
[Black "Qin, Joy Shu Yan"]
[Result "0-1"]
[WhiteElo "1655"]
[BlackElo "1485"]
[PlyCount "86"]
[EventDate "2012.08.03"]
[EventType "swiss"]
[EventRounds "6"]
[SourceDate "2012.08.05"]

1. d4 d5 2. Bg5 f6 3. Bf4 e6 4. e3 c5 5. Bd3 g6 6. Nc3 c4 7. Be2 Nc6 8. Nf3
Nge7 9. O-O Bg7 10. e4 O-O 11. exd5 Nxd5 12. Nxd5 exd5 13. Re1 Bf5 14. c3 Re8
15. Qd2 Qd7 16. Bh6 Bg4 17. Bxg7 Kxg7 18. h3 Bxf3 19. Bxf3 Rxe1+ 20. Rxe1 Ne7
21. Bg4 Qc7 22. Qe3 Nc6 23. Be6 Re8 24. Qd2 Qe7 25. Kf1 Qd6 26. Bg4 Rxe1+ 27.
Qxe1 b5 28. Qe6 Qf4 29. g3 Qc1+ 30. Kg2 Na5 31. Qd7+ Kh6 32. Qxb5 Qb1 33. Qxa5
Qxb2 34. Be6 f5 35. Bxd5 Qe2 36. Qxa7 Qd3 37. h4 Qe2 38. Bg8 Qe4+ 39. Kh2 Kh5
40. Qxh7+ Kg4 41. Qxg6+ Kf3 42. Qh5+ Kxf2 43. Qxf5+ Qxf5 0-1

[Event "Waikato under 1800"]
[Site "Hamilton"]
[Date "2012.08.04"]
[Round "2.3"]
[White "Kennedy, Ian"]
[Black "Hooton, Barry R"]
[Result "1-0"]
[WhiteElo "1481"]
[BlackElo "1608"]
[PlyCount "69"]
[EventDate "2012.08.03"]
[EventType "swiss"]
[EventRounds "6"]
[SourceDate "2012.08.05"]

1. e4 c6 2. d4 d5 3. exd5 cxd5 4. Bd3 Nf6 5. Nf3 Bg4 6. O-O Nc6 7. c3 e6 8. Bg5
Be7 9. Nbd2 O-O 10. Re1 Rc8 11. Rc1 a6 12. Re3 Re8 13. Qe1 Nd7 14. Bxe7 Nxe7
15. Ne5 Nxe5 16. Rxe5 Bf5 17. Bxf5 Nxf5 18. Nf3 Qb6 19. Re2 Qc7 20. Qd2 Qe7 21.
Rce1 Nd6 22. Ne5 Nc4 23. Nxc4 Rxc4 24. Re3 Rc6 25. Qd3 f6 26. f4 Qf7 27. Rh3 g6
28. Ree3 Rc7 29. Rh6 f5 30. Reh3 Qf6 31. Rg3 Qf8 32. Rgh3 Qd6 33. Qg3 Rg7 34.
Rxh7 Rxh7 35. Qxg6+ 1-0

[Event "Waikato under 1800"]
[Site "Hamilton"]
[Date "2012.08.04"]
[Round "2.4"]
[White "Crombie, Nigel"]
[Black "Qin, Nicole Shu Yu"]
[Result "1-0"]
[WhiteElo "1577"]
[BlackElo "1013"]
[PlyCount "43"]
[EventDate "2012.08.03"]
[EventType "swiss"]
[EventRounds "6"]
[SourceDate "2012.08.05"]

1. e4 e6 2. d4 d5 3. exd5 exd5 4. Bd3 Nf6 5. Ne2 Bd6 6. h3 O-O 7. Bg5 h6 8. Bh4
c6 9. Nd2 Re8 10. c3 Nbd7 11. Qc2 Qc7 12. O-O-O a5 13. g4 b5 14. g5 hxg5 15.
Bxg5 a4 16. Rdg1 Bh2 17. Rg2 Bd6 18. Bh6 Bf8 19. Rhg1 Nh5 20. Nf3 Kh8 21. Qd2
gxh6 22. Rg8# 1-0

[Event "Waikato under 1800"]
[Site "Hamilton"]
[Date "2012.08.04"]
[Round "2.5"]
[White "Lim, Arvin"]
[Black "Dare, Richard J"]
[Result "1/2-1/2"]
[WhiteElo "1223"]
[BlackElo "1783"]
[PlyCount "153"]
[EventDate "2012.08.03"]
[EventType "swiss"]
[EventRounds "6"]
[SourceDate "2012.08.05"]

1. e4 e6 2. d4 d5 3. Nd2 c5 4. exd5 exd5 5. Ngf3 Nc6 6. c3 Nf6 7. Be2 Be7 8.
O-O O-O 9. Nb3 cxd4 10. Nbxd4 Bd7 11. Qb3 Na5 12. Qc2 Rc8 13. Rd1 Nc6 14. Be3
a6 15. Nxc6 Bxc6 16. Nd4 Qc7 17. Nxc6 Qxc6 18. Bf3 Rfd8 19. Bg5 Qb5 20. Qe2
Qxe2 21. Bxe2 d4 22. cxd4 Rc2 23. Rd2 Rxd2 24. Bxd2 Rxd4 25. Bc3 Rd7 26. Rd1
Kf8 27. Rxd7 Nxd7 28. Bf3 b6 29. Be2 a5 30. Kf1 f6 31. Bb5 Nc5 32. Bd4 {(=)}
Bd6 33. Bxc5 Bxc5 34. Ke2 Ke7 35. f3 Bd4 36. b3 Kd6 37. a4 Bg1 38. h3 Ke5 39.
Kf1 Bh2 40. Bd3 g6 41. Bc4 Kf4 42. Bb5 h6 43. Bd3 f5 44. Bc4 g5 45. Be2 Ke3 46.
Bc4 Bg3 47. Be6 Kf4 48. Bc4 h5 49. Be2 Ke3 50. Bc4 Kd4 51. Be6 Kc3 52. Bc4 Kb4
53. Be6 g4 54. fxg4 hxg4 55. hxg4 fxg4 56. Bc4 Be5 57. Ke2 g3 58. Kf3 Bd6 59.
Ke2 Bc5 60. Kd3 Bf2 61. Bd5 Be1 62. Bc4 {(=)} Bf2 63. Bd5 b5 64. axb5 Kxb5 65.
Bc4+ Kb4 66. Bd5 a4 67. bxa4 Kxa4 68. Bf3 Kb4 69. Ke4 Kc3 70. Kf4 Kd2 71. Kg4
Ke3 72. Kf5 Be1 73. Kg4 Kf2 74. Kf5 Ke3 75. Kg4 Bf2 76. Kf5 Kd4 77. Kg4 {(=)}
1/2-1/2

[Event "Waikato under 1800"]
[Site "Hamilton"]
[Date "2012.08.04"]
[Round "2.6"]
[White "Smith, Vivian J"]
[Black "Chen, David"]
[Result "1/2-1/2"]
[WhiteElo "1797"]
[BlackElo "1200"]
[PlyCount "50"]
[EventDate "2012.08.03"]
[EventType "swiss"]
[EventRounds "6"]
[SourceDate "2012.08.05"]

1. e4 e5 2. Nf3 Nc6 3. d4 exd4 4. Bc4 Be7 5. c3 Nf6 6. e5 Ne4 7. cxd4 Bb4+ 8.
Nbd2 d5 9. exd6 Bg4 10. O-O Bxd2 11. Bxd2 O-O 12. Bc3 Nxd6 13. Be2 Nf5 14. d5
Nce7 15. h3 Bxf3 16. Bxf3 Nh4 17. d6 Nxf3+ 18. Qxf3 Nc6 19. Qg3 f6 20. dxc7 Qc8
21. Rfe1 Rf7 22. Re2 Qxc7 23. Qxc7 Rxc7 24. Rae1 Kf7 25. Rd2 Rd8 {(=)} 1/2-1/2

[Event "Waikato under 1800"]
[Site "Hamilton"]
[Date "2012.08.04"]
[Round "2.7"]
[White "Cao, Sheng"]
[Black "Davis, Daniel"]
[Result "0-1"]
[WhiteElo "1247"]
[BlackElo "1000"]
[PlyCount "58"]
[EventDate "2012.08.03"]
[EventType "swiss"]
[EventRounds "6"]
[SourceDate "2012.08.05"]

1. e4 Nc6 2. d4 d5 3. exd5 Qxd5 4. Nf3 Bg4 5. Be3 O-O-O 6. Be2 h5 7. Nc3 Qd6 8.
h3 Bf5 9. Ng5 Qf6 10. Bc4 e6 11. d5 Bb4 12. Bd2 Bxc3 13. bxc3 exd5 14. Bb3 Re8+
15. Kf1 Be6 16. Be3 Rd8 17. Nf3 Nge7 18. Ba4 Qxc3 19. Bd4 Qc4+ 20. Kg1 Qxa4 21.
Bxg7 Rhg8 22. Bf6 Qe4 23. Ng5 Qg6 24. Bxe7 Nxe7 25. h4 f6 26. g3 fxg5 27. hxg5
Qxg5 28. Rxh5 Qg6 29. Qe2 Bg4 0-1

[Event "Waikato under 1800"]
[Site "Hamilton"]
[Date "2012.08.04"]
[Round "2.8"]
[White "Dare, Lillian"]
[Black "Wang, Tony"]
[Result "1/2-1/2"]
[WhiteElo "1231"]
[BlackElo "974"]
[PlyCount "49"]
[EventDate "2012.08.03"]
[EventType "swiss"]
[EventRounds "6"]
[SourceDate "2012.08.05"]

1. Nf3 d5 2. d4 Nc6 3. c3 Bf5 4. e3 e6 5. Bd3 Bxd3 6. Qxd3 g6 7. O-O Bg7 8. e4
dxe4 9. Qxe4 Qd5 10. Qxd5 exd5 11. Re1+ Nge7 12. Bf4 Rc8 13. Nbd2 O-O 14. Ne5
Nxe5 15. Bxe5 Bxe5 16. Rxe5 Rfe8 17. Rae1 Kf8 18. Nf3 Nf5 19. Rxd5 Rxe1+ 20.
Nxe1 Re8 21. Kf1 Re7 22. Rd8+ Re8 23. Rd7 Re7 24. Rd8+ Re8 25. Rd7 {(=)}
1/2-1/2

[Event "Waikato under 1800"]
[Site "Hamilton"]
[Date "2012.08.04"]
[Round "2.10"]
[White "Tuatini, Murray"]
[Black "Judkins, Gary L"]
[Result "0-1"]
[WhiteElo "1249"]
[BlackElo "1576"]
[PlyCount "74"]
[EventDate "2012.08.03"]
[EventType "swiss"]
[EventRounds "6"]
[SourceDate "2012.08.05"]

1. e4 c5 2. d4 cxd4 3. c3 e5 4. cxd4 exd4 5. Qxd4 Nc6 6. Qd1 Nf6 7. Bg5 Be7 8.
Nc3 O-O 9. Bd3 Qa5 10. Nge2 Qxg5 11. Ng3 Bb4 12. Qc2 d5 13. O-O Bxc3 14. Qxc3
dxe4 15. Bxe4 Nxe4 16. Nxe4 Qg6 17. Rfe1 Be6 18. Nc5 Bd5 19. f3 Rfe8 20. Red1
Re2 21. g3 Rae8 22. Rxd5 Qh6 23. h4 b6 24. Ne4 Qe6 25. Rd2 Rxd2 26. Qxd2 Ne5
27. Kg2 Qf5 28. Qf2 h6 29. Nd6 Qd7 30. Nxe8 Qxe8 31. Re1 f6 32. f4 Qc6+ 33. Kh3
Nd3 34. Qe2 Nxe1 35. Qxe1 h5 36. Qe2 f5 37. Qxh5 Qh1# 0-1

[Event "Waikato under 1800"]
[Site "Hamilton"]
[Date "2012.08.04"]
[Round "2.11"]
[White "Sayers, Nicholas"]
[Black "Symon, Benjamin"]
[Result "0-1"]
[WhiteElo "1352"]
[BlackElo "1100"]
[PlyCount "31"]
[EventDate "2012.08.03"]
[EventType "swiss"]
[EventRounds "6"]
[SourceDate "2012.08.05"]

1. Nf3 d5 2. d4 c5 3. dxc5 Nc6 4. e3 e5 5. Nc3 d4 6. exd4 exd4 7. Nxd4 Nxd4 8.
Nb5 Nxb5 9. Bxb5+ Bd7 10. Bxd7+ Qxd7 11. Qe2+ Ne7 12. O-O O-O-O 13. Bf4 Nc6 14.
g3 Bxc5 15. Rad1 Qe7 16. Qb5 {(incomplete score)} 0-1

[Event "Waikato under 1800"]
[Site "Hamilton"]
[Date "2012.08.04"]
[Round "2.12"]
[White "Wang, Aaron"]
[Black "Metham, Michael"]
[Result "0-1"]
[WhiteElo "853"]
[BlackElo "1285"]
[PlyCount "72"]
[EventDate "2012.08.03"]
[EventType "swiss"]
[EventRounds "6"]
[SourceDate "2012.08.05"]

1. Nf3 Nf6 2. g3 Nc6 3. Bg2 e5 4. c4 Bc5 5. Nc3 O-O 6. O-O Re8 7. d3 a6 8. Bd2
Rb8 9. Qc2 b5 10. Rfe1 d6 11. Rad1 Bb7 12. cxb5 Nd4 13. Qc1 axb5 14. Nxb5 Nxb5
15. Qc4 c6 16. Rb1 Ba7 17. Qb3 d5 18. Bg5 Nd6 19. Qc3 e4 20. Bxf6 gxf6 21. dxe4
Nxe4 22. e3 Qd6 23. Qd3 Kh8 24. Nh4 Re5 25. Bxe4 Rxe4 26. Nf3 Rg4 27. h3 Rg7
28. Kg2 Rbg8 29. Rg1 c5 30. Qb3 Ba6 31. Kh2 Bb8 32. Rbc1 Be2 33. Nh4 Rxg3 34.
fxg3 Rxg3 35. Rxg3 Qxg3+ 36. Kh1 Qh2# 0-1

[Event "Waikato under 1800"]
[Site "Hamilton"]
[Date "2012.08.04"]
[Round "3.1"]
[White "Kennedy, Ian"]
[Black "Crombie, Nigel"]
[Result "0-1"]
[WhiteElo "1481"]
[BlackElo "1577"]
[PlyCount "62"]
[EventDate "2012.08.03"]
[EventType "swiss"]
[EventRounds "6"]
[SourceDate "2012.08.05"]

1. e4 c5 2. Nf3 d6 3. Bb5+ Nc6 4. Bxc6+ bxc6 5. c3 Nf6 6. d3 Ba6 7. Qe2 e5 8.
O-O Nd7 9. Re1 Be7 10. Qd2 O-O 11. d4 Qc7 12. dxe5 Nxe5 13. Nxe5 dxe5 14. Qe3
Rad8 15. Qg3 Rd3 16. f3 Rfd8 17. Bh6 Bf6 18. Bg5 Bxg5 19. Qxg5 Qb6 20. b3 c4+
21. Kh1 f6 22. Qc1 cxb3 23. axb3 Qxb3 24. Ra3 Qd1 25. h3 Qxc1 26. Rxc1 Rd1+ 27.
Rxd1 Rxd1+ 28. Kh2 Bc4 29. Rxa7 Rxb1 30. Rc7 Bb5 31. Rb7 Rc1 0-1

[Event "Waikato under 1800"]
[Site "Hamilton"]
[Date "2012.08.04"]
[Round "3.2"]
[White "Qin, Joy Shu Yan"]
[Black "Gong, Daniel"]
[Result "1-0"]
[WhiteElo "1485"]
[BlackElo "1570"]
[PlyCount "61"]
[EventDate "2012.08.03"]
[EventType "swiss"]
[EventRounds "6"]
[SourceDate "2012.08.05"]

1. e4 c5 2. c3 e6 3. d4 d5 4. e5 Nc6 5. Nf3 Qb6 6. Bd3 Bd7 7. dxc5 Bxc5 8. O-O
a5 9. a4 Nge7 10. Nbd2 Qc7 11. Nb3 Ba7 12. Re1 Ng6 13. Qe2 Rc8 14. Nbd4 Bxd4
15. cxd4 O-O 16. h4 Nge7 17. Bxh7+ Kh8 18. Ng5 g6 19. h5 Kg7 20. Qf3 Nf5 21. g4
Ncxd4 22. Qf4 Qc4 23. gxf5 Ne2+ 24. Rxe2 Qxe2 25. Nxe6+ fxe6 26. Qh6+ Kf7 27.
Bxg6+ Ke7 28. Qg7+ Kd8 29. Qxf8+ Kc7 30. Qd6+ Kd8 31. Bg5# 1-0

[Event "Waikato under 1800"]
[Site "Hamilton"]
[Date "2012.08.04"]
[Round "3.3"]
[White "Budd, Michael"]
[Black "Lim, Arvin"]
[Result "1-0"]
[WhiteElo "1794"]
[BlackElo "1223"]
[PlyCount "93"]
[EventDate "2012.08.03"]
[EventType "swiss"]
[EventRounds "6"]
[SourceDate "2012.08.05"]

1. d4 Nf6 2. c4 g6 3. Nc3 Bg7 4. e4 d6 5. Nf3 O-O 6. Be2 e5 7. d5 Ne8 8. O-O f5
9. Ne1 f4 10. f3 g5 11. Nd3 Rf6 12. Nf2 h5 13. b4 Rg6 14. c5 Nf6 15. h3 Bd7 16.
Bb5 a6 17. Bxd7 Qxd7 18. Qb3 Qc8 19. Qd1 g4 20. fxg4 hxg4 21. hxg4 Nxg4 22.
Nxg4 Rxg4 23. Kf2 Rg3 24. Ne2 Rg6 25. Nc3 Qd8 26. Qh5 Qg5 27. Qxg5 Rxg5 28. Ne2
Nd7 29. g3 fxg3+ 30. Nxg3 Rg6 31. cxd6 cxd6 32. Nf5 Bf8 33. Ke3 Rc8 34. Kd3 b5
35. Be3 Nf6 36. Rg1 Rxg1 37. Rxg1+ Kf7 38. Bh6 Ne8 39. Bxf8 Kxf8 40. Rh1 Rd8
41. Rh8+ Kf7 42. Rh7+ Kf8 43. Ra7 Rc8 44. Rxa6 Rc4 45. a3 Nf6 46. Ra8+ Kf7 47.
Nxd6+ 1-0

[Event "Waikato under 1800"]
[Site "Hamilton"]
[Date "2012.08.04"]
[Round "3.4"]
[White "Davis, Daniel"]
[Black "Brockway, Andrew"]
[Result "0-1"]
[WhiteElo "1000"]
[BlackElo "1798"]
[PlyCount "150"]
[EventDate "2012.08.03"]
[EventType "swiss"]
[EventRounds "6"]
[SourceDate "2012.08.05"]

1. Nf3 c5 2. e4 g6 3. Nc3 Nc6 4. Bb5 Bg7 5. O-O d6 6. d4 cxd4 7. Nxd4 Bd7 8.
Nde2 Nf6 9. b3 Nxe4 10. Bb2 Nxc3 11. Nxc3 a6 12. Be2 O-O 13. Rb1 Rc8 14. Nd5
Bxb2 15. Rxb2 Be6 16. Bg4 Bxg4 17. Qxg4 e6 18. Ne3 Qf6 19. Rbb1 Qd4 20. Qd1
Rfd8 21. c4 Qxd1 22. Rfxd1 Ne7 23. Rbc1 Kg7 24. b4 b6 25. b5 axb5 26. cxb5 d5
27. Rxc8 Rxc8 28. a4 Nf5 29. Ra1 Nd6 30. h3 Nc4 31. Rc1 Kf8 32. Ng4 Ra8 33. Ra1
Ke7 34. Kf1 h5 35. Ne3 Ra7 36. Nxc4 dxc4 37. Ke2 Kd6 38. Kd2 Kc5 39. Kc3 f6 40.
f3 e5 41. g4 hxg4 42. hxg4 Rd7 43. Kc2 Rd3 44. a5 bxa5 45. Rxa5 Rxf3 46. g5
fxg5 47. b6+ Kxb6 48. Rxe5 g4 49. Re4 g3 50. Rxc4 Rf2+ 51. Kd3 Kb5 52. Rg4 Rf6
53. Rxg3 Kc6 54. Ke4 Kd6 55. Rg5 Ke7 56. Ke3 Kf7 57. Ke4 Kg7 58. Ke5 Rf1 59.
Ke4 Kf6 60. Rg4 g5 61. Ke3 Kf5 62. Rg3 Rf4 63. Rg2 Re4+ 64. Kf2 Rf4+ 65. Ke3 g4
66. Rg3 Kg5 67. Ke2 Rf8 68. Ke3 Kh4 69. Rg1 Kh3 70. Rh1+ Kg2 71. Rh4 g3 72. Ke2
Kg1 73. Rh3 g2 74. Rh4 Rf2+ 75. Ke3 Kf1 0-1

[Event "Waikato under 1800"]
[Site "Hamilton"]
[Date "2012.08.04"]
[Round "3.5"]
[White "Metham, Michael"]
[Black "Smith, Vivian J"]
[Result "0-1"]
[WhiteElo "1285"]
[BlackElo "1797"]
[PlyCount "55"]
[EventDate "2012.08.03"]
[EventType "swiss"]
[EventRounds "6"]
[SourceDate "2012.08.05"]

1. d4 Nf6 2. Nf3 g6 3. Bf4 Bg7 4. e3 d6 5. Nbd2 O-O 6. Bc4 c6 7. O-O b5 8. Bb3
Nbd7 9. c3 Nb6 10. Bc2 Re8 11. e4 Nh5 12. Bg3 Nxg3 13. hxg3 e5 14. dxe5 dxe5
15. Nh2 Be6 16. f4 Qe7 17. Kh1 Rad8 18. f5 gxf5 19. exf5 Bc4 20. f6 Bxf6 21.
Rxf6 Qxf6 22. Qh5 Bd3 23. Ng4 Qg6 24. Nh6+ Kg7 25. Qf3 Qxh6+ 26. Kg1 Bxc2 27.
Rf1 Rd3 28. Qxc6 0-1

[Event "Waikato under 1800"]
[Site "Hamilton"]
[Date "2012.08.04"]
[Round "3.6"]
[White "Dare, Richard J"]
[Black "Hooton, Barry R"]
[Result "1-0"]
[WhiteElo "1783"]
[BlackElo "1608"]
[PlyCount "63"]
[EventDate "2012.08.03"]
[EventType "swiss"]
[EventRounds "6"]
[SourceDate "2012.08.05"]

1. e4 c6 2. d4 d5 3. exd5 cxd5 4. c4 Nf6 5. Nc3 e6 6. Nf3 Nc6 7. Bg5 Be7 8. Be2
O-O 9. O-O b6 10. a3 Bb7 11. b4 dxc4 12. Bxc4 Rc8 13. Qd3 Nb8 14. Ne5 Nfd7 15.
Bf4 Nxe5 16. Bxe5 Bd6 17. Nb5 Bxe5 18. dxe5 Qg5 19. g3 Qxe5 20. Rfe1 Qh5 21.
Nxa7 Qh3 22. Qf1 Qxf1+ 23. Bxf1 Rcd8 24. Rac1 Rd7 25. Bb5 Rd6 26. Rc7 Bf3 27.
Nc8 Rd5 28. Ne7+ Kh8 29. Nxd5 Bxd5 30. a4 f6 31. a5 bxa5 32. bxa5 1-0

[Event "Waikato under 1800"]
[Site "Hamilton"]
[Date "2012.08.04"]
[Round "3.7"]
[White "Symon, Benjamin"]
[Black "Cooper, Nigel"]
[Result "0-1"]
[WhiteElo "1100"]
[BlackElo "1655"]
[PlyCount "28"]
[EventDate "2012.08.03"]
[EventType "swiss"]
[EventRounds "6"]
[SourceDate "2012.08.05"]

1. d4 d5 2. c4 c6 3. Nf3 Nf6 4. Nc3 dxc4 5. e4 b5 6. b3 Qa5 7. Qd2 b4 8. e5
bxc3 9. Qc2 cxb3 10. Qb1 c2+ 11. Ke2 Ba6+ 12. Ke3 cxb1=Q 13. Rxb1 bxa2 14. Ra1
Qc3+ 0-1

[Event "Waikato under 1800"]
[Site "Hamilton"]
[Date "2012.08.04"]
[Round "3.8"]
[White "Qin, Nicole Shu Yu"]
[Black "Judkins, Gary L"]
[Result "0-1"]
[WhiteElo "1013"]
[BlackElo "1576"]
[PlyCount "62"]
[EventDate "2012.08.03"]
[EventType "swiss"]
[EventRounds "6"]
[SourceDate "2012.08.05"]

1. e4 e5 2. Nf3 Nc6 3. d4 exd4 4. Bc4 Bb4+ 5. c3 dxc3 6. bxc3 Bc5 7. Ng5 Ne5 8.
Nxf7 Nxf7 9. Bxf7+ Kxf7 10. Qh5+ Kf8 11. Qxc5+ d6 12. Qe3 Nf6 13. O-O Kf7 14.
Nd2 Re8 15. Qd4 c5 16. Qd3 Be6 17. Re1 Qc7 18. c4 Rad8 19. Qg3 Kg8 20. Bb2 Rf8
21. Bxf6 Rxf6 22. Qd3 Rdf8 23. Nf3 Bg4 24. Re3 Qf7 25. Ng5 Qg6 26. Nh3 Rf3 27.
Rxf3 Bxf3 28. g3 Qg4 29. Qf1 Bxe4 30. Qe1 Qf3 31. Qf1 Qh1# 0-1